1826 1140 1947 1931 1670 1630 1484 1871 1304 1575 1061 1863 1651 1705 1560 1517 1641 1306 1817 1941 1304 1791 1149 1609 1150 1954 1046 1859 1839 1719 1282 1785 1893 1511 1327 1195 1022 1420 1647 1625 1213 1009 1394 1957 1431 1633 1912 1636 1509 1513 1599 1467 1696 1793 1916 1140 1997 1388 1017 1624 1020 1162 1674 1736 1946 1018 1959 1166 1372 1997 1376 1417 1287 1764 1150 1754 1644 1102 1714 1501 1087 1204 1005 1699 1329 1666 1834 1078 1889 1425 1229 1210 1094 1191 1150 1468 1213 1283 1043 BCNSPRNW ULIB Ver.6.0+V

เปลี่ยนเป็นภาษาไทย

Change to English
 แสดงรายละเอียดบรรณานุกรม
  กลับหน้าหลัก

Brief Record : Get Marc (ISO 2709) : E-mail record : QR code < ปิดหน้าต่าง
LEADER : 00000nam 2200000uu 4500
001    13399123201
003     ULIB
008    140704s2551 th a 000 0 tha d
020    9789748458250
090    นว.^bT111ห
100    Tajmahal
245    ห้ามไม่ทันดันรักเธอ /^cTajmahal
260    กรุงเทพฯ :^b1168Publishing,^c2551
300    233 หน้า
710    1168Publishing
945    ^p169^l0^i20337
999    ^aทศพร เกษรทอง
รายการนี้ยังไม่มีแท็ก
คุณยังไม่ได้ล็อกอิน คุณสามารถมีกิจกรรมร่วมกับเว็บไซต์ได้ แต่ต้องล็อกอินก่อน ::
  ล็อกอิน

รายการสื่อสารสนเทศ

ลำดับที่ ประเภท เลขเรียก/บาร์โค้ด สถานที่ สถานะ
1. นวนิยาย
นวนิยาย
นว. T111ห ฉ.1 
  Barcode: 20337
ห้องสมุดวิทยาเขตนครสวรรค์
►นวนิยาย:l:Fiction
บนชั้น
Note:บริจาค

BibComment


ยังไม่เคยถูกคอมเมนท์

คอมเมนท์ทรัพยากรรายการนี้
  คอมเมนท์: ห้ามไม่ทันดันรักเ..


 Copyright 2026. Bcnsprnw @Library